| 000 | 00479nam a22001457a 4500 | ||
|---|---|---|---|
| 999 |
_c134232 _d134232 |
||
| 005 | 20240530093227.0 | ||
| 008 | 240530b ||||| |||| 00| 0 eng d | ||
| 040 | _cPK-LaUMT | ||
| 082 |
_aAPC 297.14 _bGHA-U |
||
| 100 | _aGhazi Ahmad = غازی احمد | ||
| 245 |
_aUrdu tarjama kitab usool i shashi = اردو ترجمہ کتاب اصول الشاشی / _cby Ghazi Ahmad = غازی احمد |
||
| 260 |
_aLahore : _bAlMakkatul Ilmia, _c1976 |
||
| 300 | _a267 p. | ||
| 942 | _cBK | ||